The Smart Cities Concept as One of the Priorities of the Slovak Republic
Analýza konceptu Smart City z hľadiska trvalo udržateľného rozvoja so zameraním na inovácie a smart reporting informácie, ktoré spĺňajú definíciu nefinančných informácií vo výročnej správe v SR.
Enregistré dans:
| Auteur principal: | |
|---|---|
| Format: | Chapitre de livre |
| Langue: | anglais |
| Sujets: | |
| Tags: |
Pas de tags, Soyez le premier à ajouter un tag!
|
MARC
| LEADER | 00000naa$a2200000$$$4500 | ||
|---|---|---|---|
| 001 | 0289121 | ||
| 005 | 20240502083926.5 | ||
| 041 | 0 | |a eng | |
| 044 | |a RS | ||
| 245 | 1 | 0 | |a The Smart Cities Concept as One of the Priorities of the Slovak Republic |c Kornélia Lovciová |
| 520 | |a Analýza konceptu Smart City z hľadiska trvalo udržateľného rozvoja so zameraním na inovácie a smart reporting informácie, ktoré spĺňajú definíciu nefinančných informácií vo výročnej správe v SR. | ||
| 610 | 2 | 0 | |a mestá inteligentné |
| 610 | 2 | 0 | |a zodpovednosť podniku spoločenská |
| 610 | 2 | 0 | |a rozvoj trvalo udržateľný |
| 610 | 2 | 0 | |a správy výročné |
| 610 | 2 | 0 | |a Slovensko |
| 100 | 1 | |a Lovciová, Kornélia, 1983- | |